000
00329nam a2200133Ia 4500
008
191201s2007 xx 000 0 und d
082
_a
658.18
_b
DAC
100
_a
DAMODARAN,Aswath
245
0
_a
Corporate Finance Theory and Practice
260
_a
N.Delhi
_b
Willey India
_c
2007
300
_a
982
650
_a
MBA
942
_2
ddc
_c
BK
999
_c
3104
_d
3104